La preocupación de España en su literatura (Record no. 105390)

MARC details
000 -LEADER
campo de control de longitud fija 00853nam a22002651 4500
001 - NÚMERO DE CONTROL
campo de control 105390
003 - IDENTIFICADOR DE NÚMERO DE CONTROL
campo de control ES-MaACL
005 - FECHA Y HORA DE LA ÚLTIMA TRANSACCIÓN
campo de control 20240320062610.0
007 - CAMPO FIJO DE DESCRIPCIÓN FÍSICA--INFORMACIÓN GENERAL
campo de control de longitud fija t|
008 - DATOS DE LONGITUD FIJA--INFORMACIÓN GENERAL
campo de control de longitud fija 060704s1944 sp ||||0| spa d
016 7# - NÚMERO DE CONTROL DE UNA AGENCIA BIBLIOGRÁFICA NACIONAL
Número de control cancelado/no válido IND9600723319
040 ## - FUENTE DE CATALOGACIÓN
Centro catalogador/agencia de origen M-BN
Lengua de catalogación spa
Centro/agencia transcriptor CDM
080 ## - NÚMERO DE LA CLASIFICACIÓN DECIMAL UNIVERSAL
Número de la Clasificación Decimal Universal 86-822"15/19"
245 03 - MENCIÓN DEL TÍTULO
Título La preocupación de España en su literatura
Resto del título : antología /
Mención de responsabilidad, etc. Dolores Franco ; prólogo de Azorín.
260 ## - PUBLICACIÓN, DISTRIBUCIÓN, ETC.
Lugar de publicación, distribución, etc. Madrid :
Nombre del editor, distribuidor, etc. Adán,
Fecha de publicación, distribución, etc. 1944.
300 ## - DESCRIPCIÓN FÍSICA
Extensión 4 h., 420 p., 2 h., 9 lám ;
Dimensiones 23 cm.
490 1# - MENCIÓN DE SERIE
Mención de serie La meditación literaria ;
Designación de volumen o secuencia 1
500 ## - NOTA GENERAL
Nota general Biblioteca Juan Andrade.
651 #4 - PUNTO DE ACCESO ADICIONAL DE MATERIA--NOMBRE GEOGRÁFICO
Nombre geográfico España-
Subdivisión general En la literatura.
9 (RLIN) 8195
700 1# - ENTRADA AGREGADA--NOMBRE PERSONAL
Nombre de persona Franco, Dolores.
9 (RLIN) 52220
700 0# - ENTRADA AGREGADA--NOMBRE PERSONAL
Nombre de persona Azorín,
Fechas asociadas al nombre 1873-1967
9 (RLIN) 24326
830 0# - PUNTO DE ACCESO ADICIONAL DE SERIE-TÍTULO UNIFORME
Título uniforme La meditación literaria ;
Designación de volumen o secuencia 1
9 (RLIN) 232714
852 ## - LOCALIZACIÓN
Ubicación ES-MaACL
Número de control de estantería AND-186
Sublocalización o colección R.109484
Holdings
Estatus retirado Estado de pérdida Estado de daño No para préstamo Biblioteca de origen Biblioteca actual Ubicación en estantería Fecha de adquisición Fuente de adquisición Total de préstamos Signatura topográfica completa Código de barras Visto por última vez Precio de reemplazo Tipo de ítem Koha
        Biblioteca del Ateneo de Madrid Biblioteca del Ateneo de Madrid Depósito 2 17/01/2008     AND-186 1110021 23/02/2023 23/02/2023 Libro impreso